| 000 | 00549nam a2200145 i 4500 | ||
|---|---|---|---|
| 001 | 184672 | ||
| 003 | ES-MaACL | ||
| 005 | 20230906222242.0 | ||
| 008 | 151111s1870 sp |||| | spa d | ||
| 245 | 0 | 0 |
_aColección legislativa de la desamortizacion civil y eclesiástica / _cformada por la Dirección general de propiedades y derechos del Estado. |
| 260 |
_aMadrid : _b[s.n.], _c1870 ( _fImpr. y Est. de M. Rivadeneyra) |
||
| 300 |
_a1192 p. ; _c21 cm. |
||
| 650 | 4 |
_aDesamortización- _zEspaña- _vLegislación. _9143793 |
|
| 852 |
_aES-MaACL _jC-3012 |
||
| 999 |
_c184672 _d184672 |
||